000 00512nam a2200193Ia 4500
005 20260609135015.0
008 131103s9999 xx 000 0 und d
040 _aLoreto College
041 _aEnglish
082 _a823.609
_bTOM
100 _aTompkins,J.M.S.
245 4 _aThe popular novel in England
_b 1770 -1800
_cJ.M.S.Tompkins
260 _aLondon
_bMethuen
_c1932
300 _aix,390 p.
504 _aIncludes appendix
650 _aNovels-History and criticism
850 _aLCLIB
942 _cBK
999 _c5625
_d56104